Biodiversity conservation

Bibliographic Details
Main Author: Ghosh, A. K. (Author)
Format: Book
Language:English
Published: New Delhi : A P H Publishing Corporation , 2007
Subjects:

MARC

LEADER 00000cam a2200000 7i4500
001 0000055352
005 20080731093000.0
008 080303s2007 ii eng
020 |a 9788131302279 
090 0 0 |a QH75   |b .G49 2007 
100 1 |a Ghosh, A. K. ,   |e author 
245 1 0 |a Biodiversity conservation   |c A.K. Ghosh 
260 |a New Delhi :   |b A P H Publishing Corporation ,   |c 2007 
300 |a x, 304 p. ;   |c 23 cm. 
500 |a Includes index 
505 0 |a 1. Status of Biodiversity -- 2. Uses of Biodiversity -- 3. Community Biodiversity Conservation -- 4. Access and Transfer of Genetic Resources -- 5. Mechanism of Benefit Sharing -- 6. Institutional Support -- 7. Action Plan -- 8. Capacity Building -- 9. Data Bases -- 10. Traditional Knowledge 
650 0 |a Biodiversity conservation 
999 |a 1000117898   |b Book   |c OPEN SHELF (30 DAYS)   |e Tembila Campus